000 01034nam a2200289Ia 4500
005 20220317000325.0
008 141031s9999 ck 000 0 spa d
020 _a9789588375885
245 1 0 _aEllas cuentan menos
_bpanorama del minicuento colombiano escrito por mujeres
_ccompilado por Leidy Bibiana Bernal
250 _a1a edición
300 _a112 páginas
_c22 cm.
490 _aColección voces del fuego
_vTestigos del Bicentenario. Cuento volumen 9
500 _aIncluye datos del compilador en la solapa
650 1 4 _2LEMB
_aCuentos colombianos
_vColecciones
650 1 4 _2LEMB
_aAutoras
650 1 4 _2LEMB
_aVerdad
_vCuentos
650 1 4 _2LEMB
_aSacrificios
_vPoesías
650 1 4 _2LEMB
_aRatones
_vPoesías
700 1 _aBernal, Leidy Bibiana
_ecompilador
_918848
942 _2loc
_cBKLIT
264 _aCartagena de Indias
_bPluma de Mompox
_c2011
336 _atexto
_btxt
_2rdacontent
337 _asin mediación
_bn
_2rdamedia
338 _avolumen
_bnc
_2rdacarrier
040 _aCO-BoRNBP
_bspa
_erda
_cCO-BoRNBP
084 _aC ELL2
999 _c3725
_d3725